Statistics for Country Borders Quiz

Click here to take the quiz!

General Stats

  • This quiz has been taken 23 times
  • The average score is 7 of 10

Answer Stats

QuestionAnswer% Correct
Which Country BORDERS IcelandNone
100%
Which country BORDERS HaitiDominican Republic
90%
Which country DOES NOT Border North MacedoniaTurkey
90%
Which Country DOES NOT Border Another CountryCuba
85%
Which Country BORDERS NicaraguaCosta Rica
75%
Which country DOES NOT Border The U.KFrance
75%
Which Country DOES NOT border ChinaUzbekistan
75%
Which country BORDERS SerbiaHungary
55%
Which Country DOES NOT Border Democratic Republic Of The CongoCameroon
45%
FINALE: Which Country Shares The Longest Border With GermanyAustria
25%

Score Distribution

Percentile by Number Answered

Percent of People with Each Score

Your Score History

You have not taken this quiz